Signal and Systems (Record no. 3815)

MARC details
000 -LEADER
fixed length control field 00348nam a2200145Ia 4500
008 - FIXED-LENGTH DATA ELEMENTS--GENERAL INFORMATION
fixed length control field 191201s2008 xx 000 0 und d
082 ## - DEWEY DECIMAL CLASSIFICATION NUMBER
Classification number 621.38043
Item number HAS
100 ## - MAIN ENTRY--PERSONAL NAME
Personal name HAYKIN, Simon
245 #0 - TITLE STATEMENT
Title Signal and Systems
250 ## - EDITION STATEMENT
Edition statement Rep.
260 ## - PUBLICATION, DISTRIBUTION, ETC. (IMPRINT)
Place of publication, distribution, etc N.Delhi
Name of publisher, distributor, etc Wiley Dreautech India
Date of publication, distribution, etc 2008
300 ## - PHYSICAL DESCRIPTION
Extent 802
650 ## - SUBJECT ADDED ENTRY--TOPICAL TERM
Topical term or geographic name as entry element B.Tech(ECE)
942 ## - ADDED ENTRY ELEMENTS (KOHA)
Source of classification or shelving scheme Dewey Decimal Classification
Koha item type Text Books
Holdings
Withdrawn status Lost status Source of classification or shelving scheme Damaged status Not for loan Collection code Home library Current library Date acquired Source of acquisition Cost, normal purchase price Bill Number Total Checkouts Full call number Acc. no. / Barcode Date last seen Bill Date Koha item type
    Dewey Decimal Classification     B.Tech(ECE) PIET C-LIBRARY PIET C-LIBRARY 25/02/2009 J B C, New Delhi 429.00 SI-5591   621.38043 HAS 11366 04/12/2019 06/02/2009 Text Books
    Dewey Decimal Classification     B.Tech(ECE) PIET C-LIBRARY PIET C-LIBRARY 25/02/2009 J B C, New Delhi 429.00 SI-5591   621.38043 HAS 11367 04/12/2019 06/02/2009 Text Books
    Dewey Decimal Classification     B.Tech(ECE) PIET C-LIBRARY PIET C-LIBRARY 25/02/2009 J B C, New Delhi 429.00 SI-5591   621.38043 HAS 11368 04/12/2019 06/02/2009 Text Books
    Dewey Decimal Classification     B.Tech(ECE) PIET C-LIBRARY PIET C-LIBRARY 25/02/2009 J B C, New Delhi 429.00 SI-5591   621.38043 HAS 11369 04/12/2019 06/02/2009 Text Books
    Dewey Decimal Classification     B.Tech(ECE) PIET C-LIBRARY PIET C-LIBRARY 25/02/2009 J B C, New Delhi 429.00 SI-5591   621.38043 HAS 11370 04/12/2019 06/02/2009 Text Books
    Dewey Decimal Classification     B.Tech(ECE) PIET C-LIBRARY PIET C-LIBRARY 25/02/2009 J B C, New Delhi 429.00 SI-5591   621.38043 HAS 11371 04/12/2019 06/02/2009 Text Books
    Dewey Decimal Classification     B.Tech(ECE) PIET C-LIBRARY PIET C-LIBRARY 25/02/2009 J B C, New Delhi 429.00 SI-5591   621.38043 HAS 11372 04/12/2019 06/02/2009 Text Books

Design & Developed by: PIET Central Library
R70 Miles Stone Pattikalyana Samalkha Panipat 132102
mail ID :- [email protected], Phone No:- 0180-2569700 Ex.216